<?xml version="1.0" encoding="UTF-8"?>
<record
    xmlns:xsi="http://www.w3.org/2001/XMLSchema-instance"
    xsi:schemaLocation="http://www.loc.gov/MARC21/slim http://www.loc.gov/standards/marcxml/schema/MARC21slim.xsd"
    xmlns="http://www.loc.gov/MARC21/slim">

  <leader>01979nam a22001577a 4500</leader>
  <datafield tag="999" ind1=" " ind2=" ">
    <subfield code="c">518871</subfield>
    <subfield code="d">518871</subfield>
  </datafield>
  <controlfield tag="008">211217b           ||||| |||| 00| 0 eng d</controlfield>
  <datafield tag="100" ind1=" " ind2=" ">
    <subfield code="a">Park-Ozee, Dakota and Jarvis, Sharon E.</subfield>
    <subfield code="9">31104</subfield>
  </datafield>
  <datafield tag="245" ind1=" " ind2=" ">
    <subfield code="a">What does rigged mean: Partisan and widely shared perceptions of threats to elections</subfield>
  </datafield>
  <datafield tag="260" ind1=" " ind2=" ">
    <subfield code="a">American Behavioral Scientist </subfield>
  </datafield>
  <datafield tag="300" ind1=" " ind2=" ">
    <subfield code="a">65(4), Apr, 2021: p.587-599</subfield>
  </datafield>
  <datafield tag="520" ind1=" " ind2=" ">
    <subfield code="a">This article is a piece of a larger line of research supported by the Democracy Fund studying how to communicate about threats to elections in ways that do not dampen people&#x2019;s desire to vote or make them question the integrity of electoral outcomes. It reports findings from a computerized text analysis of 2,970 open-ended survey responses in the field during the fall of 2018 to the prompt &#x201C;when people say that elections are rigged, what do you think they mean?&#x201D; Four key themes emerged in the data: (1) Democrats and Republicans were equally likely to regard electoral outcomes as predetermined, (2) Republicans were twice as likely to be concerned about illegal voting than Democrats, (3) Democrats were slightly more likely to be upset about money in politics than Republicans, and (4) Democrats were twice as likely to be preoccupied with Russian meddling than Republicans. A qualitative analysis of the first theme revealed both similarities across partisans as well as how Democrats focus on how threats to elections benefit people already in power, whereas Republicans worry that elections are threatened by ordinary people cheating. These findings, and the nuances contributing to them, raise new paths for research on communicating about elections without decreasing people&#x2019;s faith in them. &#x2013; Reproduced </subfield>
  </datafield>
  <datafield tag="650" ind1=" " ind2=" ">
    <subfield code="a">Elections in the United States, Threats to elections, Trust in elections, Rigged, Computerized text analysis, Open-ended survey responses, Donald J. Trump</subfield>
    <subfield code="9">28868</subfield>
  </datafield>
  <datafield tag="773" ind1=" " ind2=" ">
    <subfield code="a">American Behavioral Scientist </subfield>
  </datafield>
  <datafield tag="906" ind1=" " ind2=" ">
    <subfield code="a">ELECTIONS</subfield>
  </datafield>
  <datafield tag="942" ind1=" " ind2=" ">
    <subfield code="c">AR</subfield>
  </datafield>
  <datafield tag="952" ind1=" " ind2=" ">
    <subfield code="0">0</subfield>
    <subfield code="1">0</subfield>
    <subfield code="2">ddc</subfield>
    <subfield code="4">0</subfield>
    <subfield code="7">0</subfield>
    <subfield code="9">392926</subfield>
    <subfield code="a">IIPA</subfield>
    <subfield code="b">IIPA</subfield>
    <subfield code="d">2021-12-17</subfield>
    <subfield code="h">65(4), Apr, 2021: p.587-599</subfield>
    <subfield code="p">AR125914</subfield>
    <subfield code="r">2021-12-17</subfield>
    <subfield code="y">AR</subfield>
  </datafield>
</record>
